[Event "Florianopolis op 9th"]
[Site "Florianopolis"]
[Date "2023.01.27"]
[Round "7"]
[White "Brito, Nicolas Neres"]
[Black "Parijos de Melo, Luiz Claudio"]
[Result "0-1"]
[WhiteElo "1426"]
[BlackElo "1737"]
[PlyCount "38"]
[EventDate "2023.01.23"]
[EventType "swiss"]
[EventRounds "10"]
[EventCountry "BRA"]
[SourceTitle "CBM 212 Extra"]
[Source "ChessBase"]
[SourceDate "2023.03.31"]
[SourceVersion "1"]
[SourceVersionDate "2023.03.31"]
[SourceQuality "1"]

1. e4 c5 2. Nf3 e6 3. d4 cxd4 4. Nxd4 Nf6 5. Nc3 Nc6 6. Ndb5 Bb4 7. Bf4 e5 8. Bg5 0-0 9. a3 Be7 10. Nd6 Nd4 11. Nc4 Nxe4 12. Bxe7 Qxe7 13. Nxe4 d5 14. Nc3 dxc4 15. Bxc4 Bf5 16. Bd3 e4 17. Be2 Rfd8 18. Qc1 Rac8 19. Rg1 Rxc3 0-1

[Event "BRA Amateur-ch U1800"]
[Site "Sao Paulo"]
[Date "2022.11.04"]
[Round "3"]
[White "Maciel, Felipe Eduardo Ribe"]
[Black "Brito, Nicolas Neres"]
[Result "1/2-1/2"]
[WhiteElo "1619"]
[BlackElo "1388"]
[PlyCount "50"]
[EventDate "2022.11.03"]
[EventType "swiss"]
[EventRounds "7"]
[EventCountry "BRA"]
[SourceTitle "CBM 211 Extra"]
[Source "ChessBase"]
[SourceDate "2023.01.31"]
[SourceVersion "1"]
[SourceVersionDate "2023.01.31"]
[SourceQuality "1"]

1. e4 c6 2. d4 d5 3. Nc3 dxe4 4. Nxe4 Nd7 5. Nf3 Ngf6 6. Ng3 g6 7. Be2 Bg7 8. 0-0 0-0 9. c4 c5 10. Qc2 Qc7 11. h3 b6 12. Be3 Bb7 13. Rac1 Rfd8 14. Rfd1 Ne8 15. d5 Ne5 16. Ng5 h6 17. Nf3 Nxf3+ 18. Bxf3 Qe5 19. b3 Nf6 20. Re1 Qd6 21. Rcd1 Rac8 22. Qc1 Kh7 23. a4 a5 24. Qc2 Kg8 25. Qc1 Kh7 1/2-1/2

[Event "Mombaca op 6th"]
[Site "Mombaca"]
[Date "2022.08.20"]
[Round "3"]
[White "Pironti, Francisco Ferrari"]
[Black "Brito, Nicolas Neres"]
[Result "1-0"]
[WhiteElo "1716"]
[BlackElo "1336"]
[PlyCount "117"]
[EventDate "2022.08.19"]
[EventType "swiss"]
[EventRounds "6"]
[EventCountry "BRA"]
[SourceTitle "CBM 210 Extra"]
[Source "ChessBase"]
[SourceDate "2022.11.30"]
[SourceVersion "1"]
[SourceVersionDate "2022.11.30"]
[SourceQuality "1"]

1. c4 e5 2. Nc3 Nf6 3. Nf3 Nc6 4. g3 d5 5. cxd5 Nxd5 6. Bg2 Be6 7. 0-0 Nb6 8. b3 Be7 9. Bb2 0-0 10. Rc1 f6 11. d3 Qd7 12. Ne4 Nb4 13. a3 N4d5 14. d4 exd4 15. Nxd4 c6 16. Qc2 Bf7 17. Nc5 Bxc5 18. Qxc5 Rfe8 19. e4 Nc7 20. Rfd1 Ne6 21. Nxe6 Qxe6 22. Rd3 Nd7 23. Qd6 Qxd6 24. Rxd6 Nb6 25. Rd3 Red8 26. Rcd1 Re8 27. a4 Be6 28. a5 Nd7 29. Rxd7 Bxd7 30. Rxd7 Rab8 31. Bd4 b6 32. Rxa7 bxa5 33. Bf1 Ra8 34. Rxa8 Rxa8 35. Bc4+ Kf8 36. Kf1 a4 37. b4 Ke7 38. Bc5+ Kd7 39. Ke2 Kc7 40. Kd2 a3 41. Ba2 Kb7 42. f4 Rd8+ 43. Ke2 Re8 44. Kd3 Ka6 45. Bc4+ Kb7 46. Bd4 a2 47. Bxa2 Ra8 48. Bc4 Ra3+ 49. Bc3 Ra8 50. e5 fxe5 51. fxe5 Rf8 52. e6 Rf3+ 53. Kd2 Kc7 54. Be5+ Kd8 55. Bd6 Rf2+ 56. Ke3 Rxh2 57. b5 Rh1 58. bxc6 Rc1 59. c7+ 1-0

[Event "Caxambu Casa do Xadrez op"]
[Site "Caxambu"]
[Date "2022.07.24"]
[Round "6"]
[White "Brito, Nicolas Neres"]
[Black "Sulz, Isaque Sathler"]
[Result "1/2-1/2"]
[WhiteElo "1309"]
[BlackElo "1800"]
[PlyCount "111"]
[EventDate "2022.07.22"]
[EventType "swiss"]
[EventRounds "6"]
[EventCountry "BRA"]
[SourceTitle "CBM 209 Extra"]
[Source "ChessBase"]
[SourceDate "2022.09.30"]
[SourceVersion "1"]
[SourceVersionDate "2022.09.30"]
[SourceQuality "1"]

1. e4 e5 2. Nf3 Nc6 3. d4 exd4 4. Bc4 Nf6 5. e5 d5 6. Bb5 Ne4 7. Nxd4 Bc5 8. Nxc6 Bxf2+ 9. Kf1 Qh4 10. Nc3 bxc6 11. Bxc6+ Kf8 12. Qxd5 Nxc3 13. bxc3 Ba6+ 14. Bb5 Rd8 15. Qc6 Bxb5+ 16. Qxb5 Rd1+ 17. Ke2 Rd8 18. Ba3+ Kg8 19. Rhd1 Qe4+ 20. Kxf2 Qxc2+ 21. Qe2 Qf5+ 22. Kg1 Rxd1+ 23. Qxd1 h6 24. Qe1 Kh7 25. h3 Re8 26. Kh2 Qf4+ 27. g3 Qa4 28. Qb1+ Kh8 29. Qb3 Qe4 30. Rg1 Rd8 31. Bc1 Qxe5 32. Bf4 Qe2+ 33. Rg2 Qe1 34. Rg1 Qe2+ 35. Rg2 Qe1 36. g4 Rd1 37. Qc2 Qh1+ 38. Kg3 Qe1+ 39. Qf2 Qxc3+ 40. Kh2 Qa1 41. Rg1 Rxg1 42. Qxg1 Qxa2+ 43. Qg2 Qxg2+ 44. Kxg2 c6 45. Be5 Kg8 46. Kf3 f6 47. Bc3 Kf7 48. h4 g6 49. Ke4 Ke6 50. h5 Kf7 51. Kd4 gxh5 52. gxh5 Ke6 53. Bd2 Kf5 54. Bxh6 Kg4 55. Bg7 Kxh5 56. Bxf6 1/2-1/2

[Event "BRA-ch Amateur U1600"]
[Site "Sao Paulo"]
[Date "2022.06.16"]
[Round "1"]
[White "Brito, Nicolas Neres"]
[Black "Olivo, Anibal Ribeiro"]
[Result "0-1"]
[WhiteElo "1239"]
[BlackElo "1591"]
[PlyCount "79"]
[EventDate "2022.06.16"]
[EventType "swiss"]
[EventRounds "7"]
[EventCountry "BRA"]
[SourceTitle "CBM 208 Extra"]
[Source "ChessBase"]
[SourceDate "2022.07.31"]
[SourceVersion "1"]
[SourceVersionDate "2022.07.31"]
[SourceQuality "1"]

1. e4 e5 2. Nf3 Nc6 3. d4 exd4 4. Bc4 Nf6 5. e5 d5 6. Bb5 Ne4 7. Nxd4 Bd7 8. Nxc6 bxc6 9. Be2 Bc5 10. 0-0 0-0 11. Bf4 f6 12. Bf3 f5 13. Bxe4 fxe4 14. Bg3 Bb6 15. c4 Be6 16. Qa4 Qd7 17. cxd5 cxd5 18. Qxd7 Bxd7 19. Nc3 c6 20. Rac1 Rac8 21. Rfd1 Bg4 22. Re1 Rfe8 23. Ne2 Ba5 24. Nc3 Bf5 25. Re2 Bc7 26. f4 exf3 27. gxf3 d4 28. Nb1 Bb6 29. Rd2 d3+ 30. Kg2 Be3 31. Rcd1 Bxd2 32. Rxd2 c5 33. Nc3 c4 34. Nb5 Rf8 35. Nd6 Rc6 36. Bh4 Bg6 37. Be7 Rb8 38. f4 c3 39. bxc3 Rxc3 40. Kf3 0-1